AH International Schools' Libraries

On planet fruitcake / (Record no. 49342)

MARC details
000 -LEADER
fixed length control field 00279nam a2200109 4500
020 ## - INTERNATIONAL STANDARD BOOK NUMBER
International Standard Book Number 9781405263573
100 ## - MAIN ENTRY--PERSONAL NAME
Personal name Fine, Anne
9 (RLIN) 20007
245 ## - TITLE STATEMENT
Title On planet fruitcake /
Statement of responsibility, etc Anne Fine
260 ## - PUBLICATION, DISTRIBUTION, ETC. (IMPRINT)
Place of publication, distribution, etc Great Britain
Name of publisher, distributor, etc Egmont
Date of publication, distribution, etc 2013
300 ## - PHYSICAL DESCRIPTION
Extent 92 p.
Other physical details col. ill.
Dimensions 20 cm.
942 ## - ADDED ENTRY ELEMENTS (KOHA)
Source of classification or shelving scheme
Koha item type Book
Holdings
Withdrawn status Lost status Source of classification or shelving scheme Damaged status Not for loan Home library Current library Shelving location Date acquired Total Checkouts Full call number Barcode Date last seen Date checked out Price effective from Koha item type
          Asian Hope Early Years Library Asian Hope Early Years Library Junior Fiction 08/18/2025 1 CB FIC FIN 208906 04/09/2026 03/12/2026 08/18/2025 Book

For any Logos Library related questions please contact Miss Art at swongnarasuk@asianhope.org.

For any Asian Hope Library related questions please contact Miss Raza at graza@asianhope.org.

Powered by Koha